Music Quiz

Random Music or Song Quiz

Classical Music Title Match-Up Quiz Stats

 Plays Quiz not verified by Sporcle

Score 0/16 Timer 03:00
13 Plays Today
% Correct
Dance Of The Sugar-Plum
95.7%
Flight of the
95.2%
Montagues and
92.1%
Moonlight
91.7%
Ride of the
90.5%
Rhapsody
89.4%
Arrival Of
87.6%
Tristan
86.9%
% Correct
In the hall
86.6%
Madama
83.3%
Nearer My
82.9%
Mars, Bringer
82.6%
Les
81.7%
Tales from the Vienna
81.3%
Danse
74.5%
Air
70.4%

You're not logged in!

Compare scores with friends on all Sporcle quizzes.
OR
Log In

Show Comments

Extras

Top Quizzes Today


Score Distribution

Your Account Isn't Verified!

In order to create a playlist on Sporcle, you need to verify the email address you used during registration. Go to your Sporcle Settings to finish the process.

Report this User

Report this user for behavior that violates our Community Guidelines.

Details: